| 000 | 01225nam a2200277 i 4500 | ||
|---|---|---|---|
| 001 | 21877 | ||
| 003 | ES-MaACL | ||
| 005 | 20250804062731.0 | ||
| 007 | t| | ||
| 008 | 021128s1949 sp ||||1| spa d | ||
| 100 | 1 |
_aAlcorta, José Ignacio _919580 |
|
| 245 | 1 | 3 |
_aLa teoría de los modos en Suárez / _cpor José Ignacio Alcorta. |
| 260 |
_aMadrid : _b[s.n., _c1949] ( _fIselan) |
||
| 300 |
_a335 p. ; _c25 cm. |
||
| 500 | _aPrecede al tít.: Consejo Superior de Investigaciones Científicas, Instituto Luis Vives de Filosofía. | ||
| 510 |
_aCCPB, _c000853043-2 |
||
| 650 | 7 |
_aFilosofía _2embne _912802 |
|
| 650 | 7 |
_aMetafísica _2embne _915012 |
|
| 710 | 2 |
_aConsejo Superior de Investigaciones Científicas (España) _93236 |
|
| 710 | 2 |
_aInstituto de Filosofía "Luis Vives" _9169712 |
|
| 852 |
_aES-MaACL _jD-6526 _bR.30188 _bR.M. 6118 _922650 _cSVI _fSello en tinta azul de la Biblioteca del Ateneo de Madrid _gAnotación manuscrita en cubierta: "3" _zEn cubierta: "DONATIVO" _zEn cubierta: "11. NOV. 19502 |
||
| 942 |
_2udc _cMONOGRAFIA |
||
| 999 |
_c21877 _d21877 |
||